[Event "OFFICIAL WORLD CHESS CHAMPIONSHIP"]
[Site "SchemingMind.com"]
[Date "2005.04.06"]
[Round "-"]
[White "ana_goldberg"]
[Black "Steven DuCharme"]
[Result "0-1"]
[WhiteCountry "ISR"]
[BlackCountry "USA"]
[WhiteElo "1291"]
[WhiteRD "104"]
[BlackElo "1529"]
[BlackRD "88"]
[GameID "12191"]

1. d4 d5 2. c4 c6 3. Nc3 e6 4. Nf3 Nf6 5. e3 Be7 6. Be2 O-O 7. O-O Re8 8. c5 Nbd7 9. b4 Ne4 10. Qc2 Ndf6
11. Nxe4 Nxe4 12. Nd2 f5 13. Nxe4 fxe4 14. f3 exf3 15. Bxf3 Bf6 16. Qf2 e5 17. Bb2 e4 18. Bh5 Rf8 19. Qg3 Be6 20. a4 Qb8
21. Qxb8 Raxb8 22. g3 g6 23. Be2 Bg5 24. Bc1 Bh3 25. Rxf8+ Rxf8 26. b5 Bd7 27. bxc6 Bxc6 28. Bb5 Rf3 29. Bxc6 bxc6 30. Ra3 h5
31. Kg2 Rf7 32. a5 Bd8 33. a6 Kg7 34. Rb3 g5 35. Bd2 Kg6 36. Rb7 g4 37. Be1= Rxb7 38. axb7 Bc7
0-1

[Event "OFFICIAL WORLD CHESS CHAMPIONSHIP"]
[Site "SchemingMind.com"]
[Date "2005.04.07"]
[Round "-"]
[White "Steven DuCharme"]
[Black "ana_goldberg"]
[Result "1-0"]
[WhiteCountry "USA"]
[BlackCountry "ISR"]
[WhiteElo "1485"]
[WhiteRD "90"]
[BlackElo "1306"]
[BlackRD "102"]
[GameID "12192"]

1. e4 c5 2. Nc3 Nc6 3. Nf3 d6 4. d4 Bg4 5. Bb5 Qc7 6. d5 a6 7. dxc6 axb5 8. cxb7 Qxb7 9. h3 Bh5 10. g4 Bg6
11. Qe2 e5 12. Qxb5+ Qxb5 13. Nxb5 Kd7 14. Nc3 Nf6 15. Nd2 Be7 16. g5 Nh5 17. Nd5 Rab8 18. Nxe7 Kxe7 19. f3 Nf4 20. b3 Ng2+
21. Kf2 Nf4 22. Nc4 Ne6 23. Be3 h6 24. h4 hxg5 25. hxg5 f6 26. gxf6+ gxf6 27. Rxh8 Rxh8 28. Kg2 f5 29. Nd2 Nc7 30. Rh1 Ra8
31. a4 d5 32. Bg5+ Kf7 33. Re1 Ra6 34. exd5 Nxd5 35. Rxe5 Nb4 36. Rxc5
1-0

[Event "OFFICIAL WORLD CHESS CHAMPIONSHIP"]
[Site "SchemingMind.com"]
[Date "2005.04.06"]
[Round "-"]
[White "drako"]
[Black "Steven DuCharme"]
[Result "1-0"]
[WhiteCountry "LAT"]
[BlackCountry "USA"]
[WhiteElo "1833"]
[WhiteRD "94"]
[BlackElo "1473"]
[BlackRD "86"]
[GameID "12193"]

1. e4 e5 2. Nf3 Nf6 3. Nxe5 d6 4. Nf3 Be7 5. Nc3 O-O 6. Be2 Re8 7. O-O Be6 8. h3 Nbd7 9. d4 Nf8 10. Re1 Qd7
11. Be3 c6 12. Qd2 d5 13. e5 Ne4 14. Nxe4 dxe4 15. Ng5 Bxg5 16. Bxg5 f6 17. exf6 gxf6 18. Bxf6 Ng6 19. Qe3 Qf7 20. Bg5 b5
21. a4 Bd5 22. axb5 cxb5 23. Bxb5 Reb8 24. Ra5 Qc7 25. b4 a6 26. Be2
1-0

[Event "OFFICIAL WORLD CHESS CHAMPIONSHIP"]
[Site "SchemingMind.com"]
[Date "2005.04.06"]
[Round "-"]
[White "drako"]
[Black "ana_goldberg"]
[Result "1-0"]
[WhiteCountry "LAT"]
[BlackCountry "ISR"]
[WhiteElo "1637"]
[WhiteRD "127"]
[BlackElo "1257"]
[BlackRD "95"]
[GameID "12194"]

1. e4 c6 2. d4 d6 3. Bf4 Nd7 4. Nf3 Qc7 5. c4 g6 6. Nc3 Bg7 7. Bg3 e6 8. Bd3 Ne7 9. O-O b6 10. Rc1 d5
11. Bxc7 O-O 12. Bd6
1-0

[Event "OFFICIAL WORLD CHESS CHAMPIONSHIP"]
[Site "SchemingMind.com"]
[Date "2005.04.07"]
[Round "-"]
[White "Steven DuCharme"]
[Black "drako"]
[Result "0-1"]
[WhiteCountry "USA"]
[BlackCountry "LAT"]
[WhiteElo "1473"]
[WhiteRD "86"]
[BlackElo "1833"]
[BlackRD "94"]
[GameID "12195"]

1. c4 Nf6 2. d4 e6 3. a3 b6 4. Nc3 Bb7 5. f3 d5 6. Bg5 Be7 7. e3 h6 8. Bh4 O-O 9. Qc2 Nbd7 10. Bd3 c5
11. O-O-O cxd4 12. exd4 dxc4 13. Bxc4 Rc8 14. Bb3 b5 15. Kb1 a5 16. Qe2 b4 17. Ne4 bxa3 18. g4 Nxe4 19. Bxe7 Qxe7 20. fxe4 Qb4
21. Ba2 Bxe4+
0-1

[Event "OFFICIAL WORLD CHESS CHAMPIONSHIP"]
[Site "SchemingMind.com"]
[Date "2005.04.06"]
[Round "-"]
[White "ana_goldberg"]
[Black "drako"]
[Result "0-1"]
[WhiteCountry "ISR"]
[BlackCountry "LAT"]
[WhiteElo "1322"]
[WhiteRD "100"]
[BlackElo "1833"]
[BlackRD "94"]
[GameID "12196"]

1. d4 Nf6 2. c4 e6 3. Nc3 Bb4 4. Bd2 O-O 5. Nf3 b6 6. e3 Bb7 7. Be2 d6 8. Qc2 Nbd7 9. O-O-O c5 10. a3 Bxc3
11. Bxc3 Ne4 12. d5 Nxc3 13. Qxc3 e5 14. h4 h6 15. g4 e4 16. Nd2 Re8 17. Rdg1 b5 18. g5 hxg5 19. Rxg5 f6 20. Rh5 bxc4
21. Bxc4 Qe7 22. Rg1 Kf7 23. f3 Rh8 24. Rxh8 Rxh8 25. Nxe4 Rxh4 26. Ng3 Rxc4 27. Qxc4 Qxe3+
0-1

[Event "OFFICIAL WORLD CHESS CHAMPIONSHIP"]
[Site "SchemingMind.com"]
[Date "2005.04.06"]
[Round "-"]
[White "Open Defence"]
[Black "ana_goldberg"]
[Result "0-1"]
[WhiteCountry "IND"]
[BlackCountry "ISR"]
[WhiteElo "1418"]
[WhiteRD "75"]
[BlackElo "1322"]
[BlackRD "100"]
[GameID "12198"]

1. d4 d5 2. c4 e6 3. Nc3 Bb4 4. a3 Bxc3+ 5. bxc3 Nf6 6. Bg5 O-O 7. cxd5 Qxd5 8. Bxf6 gxf6 9. Nf3 b6 10. g3 Qd7
11. Bg2 Bb7
0-1

[Event "OFFICIAL WORLD CHESS CHAMPIONSHIP"]
[Site "SchemingMind.com"]
[Date "2005.04.06"]
[Round "-"]
[White "Open Defence"]
[Black "drako"]
[Result "0-1"]
[WhiteCountry "IND"]
[BlackCountry "LAT"]
[WhiteElo "1418"]
[WhiteRD "75"]
[BlackElo "1833"]
[BlackRD "94"]
[GameID "12199"]

1. d4 Nf6 2. c4 e6 3. Nf3 Bb4+ 4. Bd2 Qe7 5. e3 b6 6. Nc3 Bb7 7. Bd3 O-O 8. O-O d6 9. Ne4 Bxd2 10. Nexd2 Nbd7
0-1

[Event "OFFICIAL WORLD CHESS CHAMPIONSHIP"]
[Site "SchemingMind.com"]
[Date "2005.04.06"]
[Round "-"]
[White "Gordon"]
[Black "Steven DuCharme"]
[Result "1-0"]
[WhiteCountry "ENG"]
[BlackCountry "USA"]
[WhiteElo "2067"]
[WhiteRD "61"]
[BlackElo "1453"]
[BlackRD "88"]
[GameID "12203"]

1. e4 c5 2. Nf3 Nc6 3. d4 cxd4 4. Nxd4 e5 5. Nb5 d6 6. N1c3 a6 7. Na3 b5 8. Nd5 Nf6 9. c4 b4 10. Nxf6+ Qxf6
11. Nc2 Be7 12. g3 Be6 13. b3 O-O 14. Bg2 a5 15. O-O Ra6 16. Ne3 Nd4 17. Kh1 Rfa8 18. f4 a4 19. Rb1 axb3 20. axb3 Ra2
21. f5
1-0

[Event "OFFICIAL WORLD CHESS CHAMPIONSHIP"]
[Site "SchemingMind.com"]
[Date "2005.04.06"]
[Round "-"]
[White "Gordon"]
[Black "ana_goldberg"]
[Result "1-0"]
[WhiteCountry "ENG"]
[BlackCountry "ISR"]
[WhiteElo "1992"]
[WhiteRD "70"]
[BlackElo "1257"]
[BlackRD "95"]
[GameID "12204"]

1. e4 c5 2. Nf3 d6 3. d4 e6 4. dxc5 Nc6 5. cxd6 Bxd6 6. Nc3 h6 7. Be3 Nf6 8. Qd3 O-O 9. O-O-O Be7 10. Qxd8 Rxd8
11. Rxd8+ Nxd8 12. h3 Nc6 13. Bd3 b6 14. e5 Nd7 15. Bf4 Bb7 16. Rd1 a5 17. a3 Nc5 18. Bb5 Na7 19. Be2 Bxf3 20. Bxf3 Rb8
21. Ne4 b5 22. Be3 Bg5 23. Nxg5 hxg5 24. Bxc5 Nc8 25. Rd8+ Kh7 26. Ba7
1-0

[Event "OFFICIAL WORLD CHESS CHAMPIONSHIP"]
[Site "SchemingMind.com"]
[Date "2005.04.06"]
[Round "-"]
[White "Gordon"]
[Black "Open Defence"]
[Result "1-0"]
[WhiteCountry "ENG"]
[BlackCountry "IND"]
[WhiteElo "2083"]
[WhiteRD "63"]
[BlackElo "1418"]
[BlackRD "75"]
[GameID "12205"]

1. e4 c5 2. Nf3 d6 3. d4 cxd4 4. Nxd4 Nf6 5. Nc3 a6 6. Be3 e6 7. f3 h5 8. Qd2 b5 9. O-O-O Bb7 10. Kb1 Nbd7
11. h3 b4 12. Nce2 d5 13. exd5 Nxd5 14. Bf2 Ne5 15. Nf4 a5 16. Bb5+ Ke7 17. Rhe1
1-0

[Event "OFFICIAL WORLD CHESS CHAMPIONSHIP"]
[Site "SchemingMind.com"]
[Date "2005.04.06"]
[Round "-"]
[White "Gordon"]
[Black "drako"]
[Result "1-0"]
[WhiteCountry "ENG"]
[BlackCountry "LAT"]
[WhiteElo "1992"]
[WhiteRD "70"]
[BlackElo "1637"]
[BlackRD "127"]
[GameID "12206"]

1. e4 e5 2. Nf3 f5 3. Nxe5 Nc6 4. Qh5+ g6 5. Nxg6 Nf6 6. Qh3 hxg6 7. Qxh8 Qe7 8. d3 fxe4 9. dxe4 Nxe4 10. Be2 d5
11. Bh6 Nd4 12. Na3 Nxf2 13. Qxd4 Nxh1 14. Bxf8 Qxf8 15. O-O-O Qh6+ 16. Kb1 Qxh2 17. Qxd5
1-0

[Event "OFFICIAL WORLD CHESS CHAMPIONSHIP"]
[Site "SchemingMind.com"]
[Date "2005.04.07"]
[Round "-"]
[White "Steven DuCharme"]
[Black "Gordon"]
[Result "0-1"]
[WhiteCountry "USA"]
[BlackCountry "ENG"]
[WhiteElo "1453"]
[WhiteRD "88"]
[BlackElo "2067"]
[BlackRD "61"]
[GameID "12207"]

1. e4 c5 2. c3 Nf6 3. e5 Nd5 4. d4 cxd4 5. Qxd4 e6 6. Nf3 Nc6 7. Qa4 Qc7 8. Be2 Nxe5 9. Nxe5 Qxe5 10. Qd4 Qxd4
11. cxd4 Be7 12. O-O b6 13. a3 Bb7 14. Nc3 Nxc3 15. bxc3 Rc8 16. Bd2 Bd5 17. c4 Bxc4 18. Rfc1 d5 19. Bb4 Bg5 20. Rc2 Kd7
21. g3 Bxe2 22. Rxe2 Rc4 23. f4 Bf6
0-1

[Event "OFFICIAL WORLD CHESS CHAMPIONSHIP"]
[Site "SchemingMind.com"]
[Date "2005.04.06"]
[Round "-"]
[White "ana_goldberg"]
[Black "Gordon"]
[Result "0-1"]
[WhiteCountry "ISR"]
[BlackCountry "ENG"]
[WhiteElo "1257"]
[WhiteRD "95"]
[BlackElo "1992"]
[BlackRD "70"]
[GameID "12208"]

1. d4 Nf6 2. c4 g6 3. Nc3 d5 4. Nf3 Bg7 5. e3 O-O 6. c5 c6 7. h3 Nbd7 8. Bd3 Re8 9. Qc2 e5 10. O-O e4
11. Nxe4 dxe4 12. Bxe4 Nxe4 13. Rb1 Ndf6 14. b4 Nd5 15. a4 Bf5 16. Qa2 Nec3 17. Qa1 Nxb1 18. Re1 Nbc3
0-1

[Event "OFFICIAL WORLD CHESS CHAMPIONSHIP"]
[Site "SchemingMind.com"]
[Date "2005.04.06"]
[Round "-"]
[White "Open Defence"]
[Black "Gordon"]
[Result "0-1"]
[WhiteCountry "IND"]
[BlackCountry "ENG"]
[WhiteElo "1418"]
[WhiteRD "75"]
[BlackElo "2083"]
[BlackRD "63"]
[GameID "12209"]

1. d4 Nf6 2. c4 g6 3. Nc3 d5 4. cxd5 Nxd5 5. e4 Nxc3 6. bxc3 Bg7 7. Bc4 c5 8. Ne2 Nc6 9. Be3 O-O 10. O-O Bd7
11. Rb1 a6 12. d5 Ne5 13. Bd3 Qc7 14. Bf4 b5 15. a4 Rfb8 16. Qc2 c4
0-1

[Event "OFFICIAL WORLD CHESS CHAMPIONSHIP"]
[Site "SchemingMind.com"]
[Date "2005.04.06"]
[Round "-"]
[White "drako"]
[Black "Gordon"]
[Result "1/2-1/2"]
[WhiteCountry "LAT"]
[BlackCountry "ENG"]
[WhiteElo "1833"]
[WhiteRD "94"]
[BlackElo "2083"]
[BlackRD "63"]
[GameID "12210"]

1. e4 c5 2. c4 Nc6 3. Nc3 g6 4. g3 Bg7 5. Bg2 e6 6. d3 Nge7 7. a3 O-O 8. h4 d6 9. h5 Nd4 10. Nge2 Nec6
11. Nxd4 Nxd4 12. Ne2 Rb8 13. Nxd4 Bxd4 14. Ra2 b5 15. b3 bxc4 16. bxc4 Rb1 17. O-O Qb6 18. Qe2 Bd7 19. Be3 Bc3 20. Rc2 Rb3
21. Rxc3 Rxc3 22. Bh6 Re8 23. e5 Rxa3 24. Qf3 Qd8 25. exd6 e5 26. Qd5 Ra6 27. Qxc5 Qf6 28. f4 Qxd6 29. Qxd6 Rxd6 30. Bd5 Bf5
31. fxe5 Rxe5 32. d4 Rexd5 33. cxd5 Rxd5 34. hxg6 hxg6 35. Ra1=
1/2-1/2

[Event "OFFICIAL WORLD CHESS CHAMPIONSHIP"]
[Site "SchemingMind.com"]
[Date "2005.04.06"]
[Round "-"]
[White "Xabaras"]
[Black "Steven DuCharme"]
[Result "0-1"]
[WhiteCountry "CAY"]
[BlackCountry "USA"]
[WhiteElo "1277"]
[WhiteRD "164"]
[BlackElo "1453"]
[BlackRD "88"]
[GameID "12236"]

1. d4 Nf6 2. c4 e6 3. Nc3 Bb4 4. Qc2 Nc6 5. Nf3 O-O 6. a3 Be7 7. d5 Nb8 8. e4 exd5 9. e5 Ne8 10. Nxd5 Nc6
11. Nxe7+ Qxe7
0-1

[Event "OFFICIAL WORLD CHESS CHAMPIONSHIP"]
[Site "SchemingMind.com"]
[Date "2005.04.06"]
[Round "-"]
[White "Xabaras"]
[Black "ana_goldberg"]
[Result "1-0"]
[WhiteCountry "CAY"]
[BlackCountry "ISR"]
[WhiteElo "1277"]
[WhiteRD "164"]
[BlackElo "1287"]
[BlackRD "98"]
[GameID "12237"]

1. d4 d5 2. c4 e6 3. Nc3 Bb4 4. Nf3 Bxc3+ 5. bxc3 Nf6 6. cxd5 Nxd5 7. c4 Nf6 8. Ba3 b6 9. e3 Bb7 10. Bd3 Nbd7
11. O-O c6 12. Qc2 c5 13. dxc5 Nxc5 14. Bxc5
1-0

[Event "OFFICIAL WORLD CHESS CHAMPIONSHIP"]
[Site "SchemingMind.com"]
[Date "2005.04.06"]
[Round "-"]
[White "Xabaras"]
[Black "Open Defence"]
[Result "0-1"]
[WhiteCountry "CAY"]
[BlackCountry "IND"]
[WhiteElo "1133"]
[WhiteRD "124"]
[BlackElo "1386"]
[BlackRD "83"]
[GameID "12238"]

1. d4 Nf6 2. c4 g6 3. Nc3 d5 4. cxd5 Nxd5 5. e4 Nxc3 6. bxc3 Bg7 7. Nf3 c5 8. Be2 O-O 9. Rb1 cxd4 10. cxd4 Qa5+
0-1

[Event "OFFICIAL WORLD CHESS CHAMPIONSHIP"]
[Site "SchemingMind.com"]
[Date "2005.04.06"]
[Round "-"]
[White "Xabaras"]
[Black "Gordon"]
[Result "0-1"]
[WhiteCountry "CAY"]
[BlackCountry "ENG"]
[WhiteElo "1671"]
[WhiteRD "229"]
[BlackElo "1992"]
[BlackRD "70"]
[GameID "12239"]

1. d4 Nf6 2. c4 g6 3. Nc3 d5 4. cxd5 Nxd5 5. e4 Nxc3 6. bxc3 Bg7 7. Nf3 O-O 8. Be2 c5 9. Rb1 b6 10. O-O Bb7
11. Qd3 Ba6 12. Qd1 e6 13. Bxa6 Nxa6 14. Qd3 Qc8 15. Bf4 Qb7 16. a4 Rfd8 17. Rfd1 cxd4 18. cxd4 Nc5 19. Qb5 Nxe4 20. Rbc1 Rac8
21. Rxc8 Rxc8 22. Rc1 Nc3 23. Qd3 Nxa4 24. Rxc8+ Qxc8 25. d5 Qc3 26. Qxc3 Nxc3 27. d6 Ne2+ 28. Kf1 Nxf4 29. d7 Bf6 30. Nd4 Nd5
31. Nc6 a5 32. d8=Q+ Bxd8 33. Nxd8 a4
0-1

[Event "OFFICIAL WORLD CHESS CHAMPIONSHIP"]
[Site "SchemingMind.com"]
[Date "2005.04.06"]
[Round "-"]
[White "Xabaras"]
[Black "drako"]
[Result "0-1"]
[WhiteCountry "CAY"]
[BlackCountry "LAT"]
[WhiteElo "1172"]
[WhiteRD "123"]
[BlackElo "1833"]
[BlackRD "94"]
[GameID "12240"]

1. c4 Nf6 2. Nf3 e6 3. Nc3 Bb4 4. Qc2 O-O 5. a3 Bxc3 6. Qxc3 b6 7. g3 Bb7 8. Bg2 c5 9. b4 d6 10. O-O Nbd7
11. d3 Qe7 12. Bb2 Rfd8 13. a4 a5
0-1

[Event "OFFICIAL WORLD CHESS CHAMPIONSHIP"]
[Site "SchemingMind.com"]
[Date "2005.04.06"]
[Round "-"]
[White "ana_goldberg"]
[Black "Xabaras"]
[Result "1-0"]
[WhiteCountry "ISR"]
[BlackCountry "CAY"]
[WhiteElo "1287"]
[WhiteRD "98"]
[BlackElo "1277"]
[BlackRD "164"]
[GameID "12243"]

1. d4 Nf6 2. c4 c5 3. e3 g6 4. Nc3 cxd4 5. exd4 d5 6. Nf3 Bg7 7. c5 Qa5 8. a3 Nc6 9. Bd2 e6 10. Nxd5 Qd8
11. Nxf6+ Bxf6 12. Bh6 Nxd4 13. Rc1 Nxf3+ 14. Qxf3 Bxb2 15. Rd1 Qa5+ 16. Bd2 Qxa3 17. Bb5+ Kf8 18. Bh6+ Kg8 19. Rd8#
1-0

[Event "OFFICIAL WORLD CHESS CHAMPIONSHIP"]
[Site "SchemingMind.com"]
[Date "2005.04.06"]
[Round "-"]
[White "Gordon"]
[Black "Xabaras"]
[Result "1/2-1/2"]
[WhiteCountry "ENG"]
[BlackCountry "CAY"]
[WhiteElo "1992"]
[WhiteRD "70"]
[BlackElo "1671"]
[BlackRD "229"]
[GameID "12245"]

1. e4 c5 2. Nf3 d6 3. d4 cxd4 4. Nxd4 Nf6 5. Nc3 Nc6 6. Be3 Ng4 7. Bg5 h6 8. Bh4 g5 9. Bg3 Bg7 10. h3 Nxd4
11. hxg4 Bxg4 12. f3 Be6 13. Bf2 Nc6 14. Bb5 Bxc3+ 15. bxc3 Qa5 16. Qd4 f6 17. Qb4 Qxb4 18. cxb4 a6 19. Bxc6+ bxc6 20. Kd2 f5
21. a4 fxe4=
1/2-1/2

[Event "OFFICIAL WORLD CHESS CHAMPIONSHIP"]
[Site "SchemingMind.com"]
[Date "2005.04.06"]
[Round "-"]
[White "drako"]
[Black "Xabaras"]
[Result "1-0"]
[WhiteCountry "LAT"]
[BlackCountry "CAY"]
[WhiteElo "1833"]
[WhiteRD "94"]
[BlackElo "1172"]
[BlackRD "123"]
[GameID "12246"]

1. e4 c5 2. d4 cxd4 3. c3 dxc3 4. Bc4 cxb2 5. Bxb2 e6 6. Nf3 Nc6 7. O-O d6 8. Qe2 Be7 9. Rd1 Bf6 10. e5 Be7
11. exd6 Bf6 12. Nc3 Bxc3 13. Bxc3 Nf6 14. Rab1 b6 15. Ng5
1-0

[Event "OFFICIAL WORLD CHESS CHAMPIONSHIP"]
[Site "SchemingMind.com"]
[Date "2005.04.06"]
[Round "-"]
[White "AaronB"]
[Black "Steven DuCharme"]
[Result "1-0"]
[WhiteCountry "USA"]
[BlackCountry "USA"]
[WhiteElo "1582"]
[WhiteRD "69"]
[BlackElo "1380"]
[BlackRD "87"]
[GameID "12256"]

1. e4 d5 2. exd5 Qxd5 3. Nc3 Qa5 4. d4 Nf6 5. Nf3 Ne4 6. Bd2 Nxd2 7. Qxd2 e6 8. Bd3 Bb4 9. O-O Bxc3 10. Qxc3 Qxc3
11. bxc3 h6 12. Ne5 O-O 13. Rab1 c6 14. Rfe1 f6 15. Ng6 Rf7 16. h4 b6 17. h5
1-0

[Event "OFFICIAL WORLD CHESS CHAMPIONSHIP"]
[Site "SchemingMind.com"]
[Date "2005.04.06"]
[Round "-"]
[White "AaronB"]
[Black "ana_goldberg"]
[Result "1-0"]
[WhiteCountry "USA"]
[BlackCountry "ISR"]
[WhiteElo "1582"]
[WhiteRD "69"]
[BlackElo "1257"]
[BlackRD "95"]
[GameID "12257"]

1. d4 Nf6 2. c4 e6 3. Nc3 Bb4 4. Nf3 Bxc3+ 5. bxc3 O-O 6. e3 Re8 7. Bd3 d5 8. c5 c6 9. Qc2 b6 10. cxb6 Qxb6
11. Rb1 Qc7 12. O-O Nbd7 13. c4 Ba6 14. cxd5 Bxd3 15. Qxd3 cxd5 16. Ba3 Ne4 17. Rfc1 Ndf6 18. Rxc7 Rac8 19. Rbb7 Rf8 20. Bxf8 Rxf8
21. Qa6
1-0

[Event "OFFICIAL WORLD CHESS CHAMPIONSHIP"]
[Site "SchemingMind.com"]
[Date "2005.04.06"]
[Round "-"]
[White "AaronB"]
[Black "Gordon"]
[Result "0-1"]
[WhiteCountry "USA"]
[BlackCountry "ENG"]
[WhiteElo "1582"]
[WhiteRD "69"]
[BlackElo "1992"]
[BlackRD "70"]
[GameID "12259"]

1. c4 Nf6 2. Nc3 g6 3. e4 d6 4. d4 Bg7 5. Nf3 O-O 6. Be2 e5 7. O-O Nc6 8. d5 Ne7 9. b4 Nh5 10. Re1 f5
11. a4 Nf6 12. Bd3 a5 13. b5 h6 14. h3 Nd7 15. Ba3 f4 16. g3 Nc5 17. Bxc5 dxc5 18. Kg2 Qd6 19. Rb1 Bd7 20. Rb2= Nc8
21. Qb1 Nb6 22. Ra2 fxg3 23. fxg3 Bxh3+ 24. Kxh3 Rxf3 25. Rf1 Qf6 26. Raf2 Rxf2 27. Qd1 Rf8 28. Rxf2 Qxf2 29. Qe2 Rf3 30. Qxf2 Rxf2
31. Kh4 Bf6+ 32. Kg4 h5+ 33. Kh3 g5 34. Be2 g4+ 35. Bxg4 hxg4+ 36. Kxg4 Nxc4 37. Nd1 Rf1 38. Nc3 Ne3+ 39. Kh5 Kg7 40. Nd1 Rh1#
0-1

[Event "OFFICIAL WORLD CHESS CHAMPIONSHIP"]
[Site "SchemingMind.com"]
[Date "2005.04.06"]
[Round "-"]
[White "AaronB"]
[Black "drako"]
[Result "0-1"]
[WhiteCountry "USA"]
[BlackCountry "LAT"]
[WhiteElo "1572"]
[WhiteRD "61"]
[BlackElo "1833"]
[BlackRD "94"]
[GameID "12260"]

1. e4 e5 2. d4 exd4 3. Qxd4 Nc6 4. Qe3 b6 5. Nc3 Bc5 6. Qg5 Qxg5 7. Bxg5 Nd4 8. O-O-O Ne6 9. Be3 Bxe3+ 10. fxe3 Bb7
11. Nf3 Nf6 12. Bd3 a6 13. h3 O-O 14. g4 Nc5 15. Nd2 d6 16. g5 Nfd7 17. Be2 Rae8 18. Bf3 Ne5 19. Bg2 f6 20. gxf6 Rxf6
21. Nd5 Rf2 22. Rhg1 Ne6 23. Rdf1 Ref8 24. Nb3 Nc4 25. Rxf2 Rxf2 26. Bf1 Ne5 27. Nd4 Nxd4 28. exd4 Nf3 29. Nf6+ Kf7 30. Ng4 Rxc2+
31. Kxc2 Bxe4+ 32. Kc3 Nxg1 33. b4 b5 34. a3 g5 35. Nf2 Bf5 36. Ng4 Kg6 37. Kd2 h5
0-1

[Event "OFFICIAL WORLD CHESS CHAMPIONSHIP"]
[Site "SchemingMind.com"]
[Date "2005.04.06"]
[Round "-"]
[White "AaronB"]
[Black "Xabaras"]
[Result "1-0"]
[WhiteCountry "USA"]
[BlackCountry "CAY"]
[WhiteElo "1572"]
[WhiteRD "61"]
[BlackElo "1172"]
[BlackRD "123"]
[GameID "12262"]

1. d4 Nf6 2. c4 e6 3. Nc3 Bb4 4. e3 O-O 5. Bd3 d5 6. Nf3 c5 7. O-O dxc4 8. Bxc4 Nbd7 9. Bd3 b6 10. Qc2 Bb7
11. Ng5 h6 12. Bh7+ Kh8 13. Nxf7+ Rxf7 14. Bg6 Rf8 15. Ne2 Rc8 16. Qa4 Be4 17. Bxe4 Nxe4 18. f3
1-0

[Event "OFFICIAL WORLD CHESS CHAMPIONSHIP"]
[Site "SchemingMind.com"]
[Date "2005.04.07"]
[Round "-"]
[White "Steven DuCharme"]
[Black "AaronB"]
[Result "1-0"]
[WhiteCountry "USA"]
[BlackCountry "USA"]
[WhiteElo "1453"]
[WhiteRD "88"]
[BlackElo "1527"]
[BlackRD "63"]
[GameID "12263"]

1. e4 c5 2. Bc4 e5 3. Nf3 Nc6 4. Nc3 h6 5. d3 Nf6 6. h3 d6 7. a3 a6 8. Bd2 b5 9. Ba2 Bb7 10. O-O Nd4
11. Rc1 Be7 12. Ne2 O-O 13. Ng3 Kh7 14. c3 Nxf3+ 15. Qxf3 g6 16. Qe3 Ng8 17. f4 exf4 18. Rxf4 Bg5 19. Qf2 Bxf4 20. Qxf4 Qf6
21. Qe3 Bc8 22. Rf1 Qe7 23. Bd5 Ra7 24. d4 c4 25. e5 dxe5 26. dxe5 Be6 27. Bxe6 fxe6 28. Rxf8 Qxf8 29. Qxa7+ Kh8 30. Qe3 Qd8
31. Ne4 Qh4 32. Nf6 Nxf6 33. exf6 Kg8 34. Qxe6+ Kh8 35. Qe8+ Kh7 36. Qf7+
1-0

[Event "OFFICIAL WORLD CHESS CHAMPIONSHIP"]
[Site "SchemingMind.com"]
[Date "2005.04.06"]
[Round "-"]
[White "ana_goldberg"]
[Black "AaronB"]
[Result "0-1"]
[WhiteCountry "ISR"]
[BlackCountry "USA"]
[WhiteElo "1257"]
[WhiteRD "95"]
[BlackElo "1582"]
[BlackRD "69"]
[GameID "12264"]

1. d4 d5 2. c4 e6 3. Nc3 Nf6 4. Bg5 Nbd7 5. e3 Bb4 6. Bxf6 Qxf6 7. cxd5 exd5 8. Nf3 O-O 9. Bd3 c5 10. Qc2 Bxc3+
11. Qxc3 c4 12. Bb1 Nb6 13. O-O Bf5 14. Re1 Bxb1 15. Raxb1 Rfe8 16. b4 Re6 17. a4 Nxa4 18. Qc2 b5 19. Ne5 Nb6 20. f4 Qe7
21. f5 Rd6 22. Qf2 f6 23. Ng4 a5 24. bxa5 Rxa5 25. Rb4 h5 26. Nh6+ gxh6
0-1

[Event "OFFICIAL WORLD CHESS CHAMPIONSHIP"]
[Site "SchemingMind.com"]
[Date "2005.04.06"]
[Round "-"]
[White "Gordon"]
[Black "AaronB"]
[Result "1-0"]
[WhiteCountry "ENG"]
[BlackCountry "USA"]
[WhiteElo "1992"]
[WhiteRD "70"]
[BlackElo "1582"]
[BlackRD "69"]
[GameID "12266"]

1. e4 e5 2. Nf3 Nf6 3. Nxe5 d6 4. Nf3 Nxe4 5. Nc3 Nxc3 6. dxc3 Bg4 7. Bd3 Nc6 8. h3 Bxf3 9. Qxf3 g6 10. O-O Bg7
11. Re1+ Be5 12. Bh6 Qd7 13. Bg7 Rg8 14. Bxe5 dxe5 15. Rad1 Qe7 16. Bb5 Qe6 17. Bxc6+ Qxc6 18. Rxe5+ Kf8 19. Qxc6 bxc6 20. Rd7 Rb8
21. b3 Rb7 22. Ree7 Rg7 23. Rxc7 Rxc7 24. Rxc7 f5 25. Rxg7 Kxg7 26. f4 Kf6 27. Kf2 Ke6 28. Ke3 c5 29. Kd3 a5 30. Kc4 Kd6
31. b4 axb4 32. cxb4 cxb4 33. Kxb4 h6 34. a4 g5 35. g3 gxf4 36. gxf4 Kd5 37. a5 Ke4 38. a6 Kxf4 39. a7 Kg3 40. a8=Q f4
41. Qh1 Kf2 42. Kc3 Ke2 43. Qg2+ Ke3 44. Qf1 f3 45. h4 h5 46. Kc4 f2 47. Kc3 Kf3 48. Kd3 Kg3 49. Ke3 Kxh4 50. Qxf2+ Kg4
51. Qf4+ Kh3 52. Kf3 h4 53. Qg4+ Kh2 54. Qg2#
1-0

[Event "OFFICIAL WORLD CHESS CHAMPIONSHIP"]
[Site "SchemingMind.com"]
[Date "2005.04.06"]
[Round "-"]
[White "drako"]
[Black "AaronB"]
[Result "1-0"]
[WhiteCountry "LAT"]
[BlackCountry "USA"]
[WhiteElo "1671"]
[WhiteRD "124"]
[BlackElo "1527"]
[BlackRD "63"]
[GameID "12267"]

1. e4 e5 2. Nf3 Nf6 3. Nxe5 d6 4. Nf3 Nxe4 5. d3 Nf6 6. Bg5 Be7 7. Be2 O-O 8. O-O Nc6 9. Re1 Be6 10. a3 h6
11. Bf4 d5 12. Nbd2 Nh5 13. Be3 Qd6 14. b4 b5 15. c4 a6 16. c5 Qd7 17. d4 f5 18. Ne5 Qe8 19. Bxh5
1-0

[Event "OFFICIAL WORLD CHESS CHAMPIONSHIP"]
[Site "SchemingMind.com"]
[Date "2005.04.06"]
[Round "-"]
[White "Xabaras"]
[Black "AaronB"]
[Result "0-1"]
[WhiteCountry "CAY"]
[BlackCountry "USA"]
[WhiteElo "1172"]
[WhiteRD "123"]
[BlackElo "1572"]
[BlackRD "61"]
[GameID "12269"]

1. d4 Nf6 2. c4 e6 3. Nc3 Bb4 4. Qc2 c5 5. dxc5 O-O 6. a3 Bxc5 7. Nf3 Nc6 8. Bg5 Be7 9. Rd1 b6 10. Bxf6 Bxf6
11. Ne4 Bb7 12. Nxf6+ gxf6 13. Qd2 Bc8 14. Qh6 Kh8 15. e3 Ne5 16. Nxe5 fxe5 17. e4 Rg8 18. Rd3 Rg6 19. Qh5 Qg5
0-1